[Event "DEM U12 2023"]
[Site "Willingen GER"]
[Date "2023.05.30"]
[Round "4"]
[White "Böhler, Yannic"]
[Black "Sepe, Giovanni Paolo"]
[Result "0-1"]
[Termination "normal"]
[Board "16"]
[WhiteElo "1377"]
[BlackElo "1550"]
[WhiteClock "00:07:42"]
[BlackClock "01:07:04"]
[PlyCount "124"]
[WhiteFideId "34609059"]
[BlackFideId "34631909"]
[EventCountry "GER"]
[EventRounds "9"]
[EventType "swiss"]
[EventDate "2023.05.27"]

1. c4 {[%clk 01:30:59]} {[%emt 00:00:01]} c5 {[%clk 01:30:56]} {[%emt
00:00:06]} 2. Nc3 {[%clk 01:31:24]} {[%emt 00:00:03]} Nf6 {[%clk 01:31:24]}
{[%emt 00:00:04]} 3. g3 {[%clk 01:31:51]} {[%emt 00:00:03]} d5 {[%clk
01:31:50]} {[%emt 00:00:05]} 4. cxd5 {[%clk 01:32:17]} {[%emt 00:00:03]} Nxd5
{[%clk 01:32:17]} {[%emt 00:00:03]} 5. Bg2 {[%clk 01:32:43]} {[%emt 00:00:03]}
Nc7 {[%clk 01:32:42]} {[%emt 00:00:05]} 6. Nf3 {[%clk 01:33:08]} {[%emt
00:00:05]} Nc6 {[%clk 01:33:09]} {[%emt 00:00:03]} 7. O-O {[%clk 01:33:24]}
{[%emt 00:00:15]} e5 {[%clk 01:33:36]} {[%emt 00:00:03]} 8. d3 {[%clk
01:33:49]} {[%emt 00:00:05]} Be7 {[%clk 01:34:03]} {[%emt 00:00:03]} 9. Nd2
{[%clk 01:34:15]} {[%emt 00:00:03]} O-O {[%clk 01:34:13]} {[%emt 00:00:20]} 10.
Bxc6 {[%clk 01:34:33]} {[%emt 00:00:13]} bxc6 {[%clk 01:34:37]} {[%emt
00:00:05]} 11. Nc4 {[%clk 01:34:51]} {[%emt 00:00:12]} Bh3 {[%clk 01:34:43]}
{[%emt 00:00:24]} 12. Re1 {[%clk 01:34:39]} {[%emt 00:00:42]} f6 {[%clk
01:34:18]} {[%emt 00:00:55]} 13. f4 {[%clk 01:33:30]} {[%emt 00:01:39]} exf4
{[%clk 01:34:35]} {[%emt 00:00:13]} 14. Bxf4 {[%clk 01:33:47]} {[%emt
00:00:14]} Nd5 {[%clk 01:34:09]} {[%emt 00:00:55]} 15. Qd2 {[%clk 00:42:28]}
{[%emt 00:51:48]} f5 {[%clk 01:29:23]} {[%emt 00:05:16]} 16. Ne5 {[%clk
00:39:33]} {[%emt 00:03:25]} Rc8 {[%clk 01:19:58]} {[%emt 00:09:56]} 17. Na4
{[%clk 00:28:42]} {[%emt 00:11:21]} g5 {[%clk 01:18:22]} {[%emt 00:02:05]} 18.
Be3 {[%clk 00:28:24]} {[%emt 00:00:47]} Bf6 {[%clk 01:16:37]} {[%emt 00:02:16]}
19. d4 {[%clk 00:17:02]} {[%emt 00:11:52]} Nxe3 {[%clk 01:16:51]} {[%emt
00:00:16]} 20. Qxe3 {[%clk 00:17:21]} {[%emt 00:00:11]} Qxd4 {[%clk 01:10:29]}
{[%emt 00:06:51]} 21. Qxd4 {[%clk 00:17:17]} {[%emt 00:00:34]} cxd4 {[%clk
01:10:55]} {[%emt 00:00:05]} 22. Nd7 {[%clk 00:14:59]} {[%emt 00:02:46]} Rf7
{[%clk 01:11:11]} {[%emt 00:00:16]} 23. Nxf6+ {[%clk 00:15:25]} {[%emt
00:00:04]} Rxf6 {[%clk 01:11:37]} {[%emt 00:00:04]} 24. Nc5 {[%clk 00:15:24]}
{[%emt 00:00:31]} f4 {[%clk 01:09:50]} {[%emt 00:02:18]} 25. Rad1 {[%clk
00:08:38]} {[%emt 00:07:15]} fxg3 {[%clk 01:08:28]} {[%emt 00:01:52]} 26. hxg3
{[%clk 00:08:46]} {[%emt 00:00:23]} Rd8 {[%clk 01:05:16]} {[%emt 00:03:41]} 27.
e3 {[%clk 00:06:53]} {[%emt 00:02:23]} Rf3 {[%clk 00:57:07]} {[%emt 00:08:39]}
28. Kh2 {[%clk 00:06:47]} {[%emt 00:00:36]} g4 {[%clk 00:57:16]} {[%emt
00:00:21]} 29. Re2 {[%clk 00:03:10]} {[%emt 00:04:07]} Re8 {[%clk 00:54:06]}
{[%emt 00:03:40]} 30. Rxd4 {[%clk 00:03:07]} {[%emt 00:00:33]} Rfxe3 {[%clk
00:52:31]} {[%emt 00:02:05]} 31. Rxe3 {[%clk 00:03:30]} {[%emt 00:00:07]} Rxe3
{[%clk 00:52:55]} {[%emt 00:00:06]} 32. Rd2 {[%clk 00:02:04]} {[%emt 00:01:57]}
Kf7 {[%clk 00:52:32]} {[%emt 00:00:53]} 33. b4 {[%clk 00:01:43]} {[%emt
00:00:51]} Bf1 {[%clk 00:49:14]} {[%emt 00:03:47]} 34. Nd7 {[%clk 00:00:59]}
{[%emt 00:01:13]} Ke7 {[%clk 00:46:31]} {[%emt 00:03:14]} 35. Rf2 {[%clk
00:00:35]} {[%emt 00:00:54]} Re2 {[%clk 00:45:28]} {[%emt 00:01:33]} 36. Rxe2+
{[%clk 00:00:59]} {[%emt 00:00:07]} Bxe2 {[%clk 00:45:51]} {[%emt 00:00:06]}
37. Nc5 {[%clk 00:00:44]} {[%emt 00:00:45]} Kd6 {[%clk 00:45:30]} {[%emt
00:00:51]} 38. Kg2 {[%clk 00:00:40]} {[%emt 00:00:35]} Kd5 {[%clk 00:45:19]}
{[%emt 00:00:40]} 39. Kf2 {[%clk 00:00:42]} {[%emt 00:00:28]} Bc4 {[%clk
00:45:39]} {[%emt 00:00:10]} 40. a3 {[%clk 00:00:49]} {[%emt 00:00:23]} a5
{[%clk 00:45:41]} {[%emt 00:00:28]} 41. Nd7 {[%clk 00:21:13]} {[%emt 00:10:06]}
axb4 {[%clk 01:15:58]} {[%emt 00:00:13]} 42. axb4 {[%clk 00:21:29]} {[%emt
00:00:14]} Bd3 {[%clk 01:12:09]} {[%emt 00:04:18]} 43. Ke3 {[%clk 00:13:11]}
{[%emt 00:08:47]} Bg6 {[%clk 01:07:01]} {[%emt 00:05:39]} 44. Kf4 {[%clk
00:11:30]} {[%emt 00:02:10]} h5 {[%clk 01:02:18]} {[%emt 00:05:13]} 45. Kg5
{[%clk 00:07:08]} {[%emt 00:04:52]} Bf7 {[%clk 01:02:23]} {[%emt 00:00:25]} 46.
Nf6+ {[%clk 00:05:22]} {[%emt 00:02:16]} Kc4 {[%clk 01:02:37]} {[%emt
00:00:16]} 47. Nxh5 {[%clk 00:05:48]} {[%emt 00:00:03]} Bxh5 {[%clk 01:02:52]}
{[%emt 00:00:15]} 48. Kxh5 {[%clk 00:06:05]} {[%emt 00:00:13]} Kxb4 {[%clk
01:03:18]} {[%emt 00:00:05]} 49. Kxg4 {[%clk 00:06:30]} {[%emt 00:00:05]} c5
{[%clk 01:03:42]} {[%emt 00:00:07]} 50. Kf5 {[%clk 00:06:06]} {[%emt 00:00:54]}
c4 {[%clk 01:04:06]} {[%emt 00:00:05]} 51. g4 {[%clk 00:06:33]} {[%emt
00:00:02]} c3 {[%clk 01:04:32]} {[%emt 00:00:05]} 52. g5 {[%clk 00:07:00]}
{[%emt 00:00:03]} c2 {[%clk 01:04:58]} {[%emt 00:00:04]} 53. g6 {[%clk
00:07:23]} {[%emt 00:00:07]} c1=Q {[%clk 01:05:24]} {[%emt 00:00:04]} 54. Ke6
{[%clk 00:07:42]} {[%emt 00:00:10]} Qc7 {[%clk 01:05:25]} {[%emt 00:00:30]} 55.
Kf6 {[%clk 00:07:41]} {[%emt 00:00:31]} Qd6+ {[%clk 01:05:48]} {[%emt
00:00:07]} 56. Kf7 {[%clk 00:08:00]} {[%emt 00:00:11]} Qd7+ {[%clk 01:06:11]}
{[%emt 00:00:08]} 57. Kf8 {[%clk 00:08:08]} {[%emt 00:00:21]} Kc5 {[%clk
01:06:31]} {[%emt 00:00:11]} 58. Kg8 {[%clk 00:07:37]} {[%emt 00:01:01]} Kd6
{[%clk 01:06:47]} {[%emt 00:00:14]} 59. g7 {[%clk 00:07:55]} {[%emt 00:00:12]}
Ke7 {[%clk 01:06:51]} {[%emt 00:00:26]} 60. Kh8 {[%clk 00:08:10]} {[%emt
00:00:14]} Qh3+ {[%clk 01:06:42]} {[%emt 00:00:40]} 61. Kg8 {[%clk 00:07:17]}
{[%emt 00:01:23]} Kf6 {[%clk 01:07:04]} {[%emt 00:00:08]} 62. Kf8 {[%clk
00:07:42]} {[%emt 00:00:04]} Qc8# {[%emt 00:00:15]} 0-1

[Event "DEM U12 2023"]
[Site "Willingen GER"]
[Date "2023.05.30"]
[Round "4"]
[White "Charchulla, Moritz"]
[Black "Allen, Phillipp"]
[Result "0-1"]
[Termination "normal"]
[Board "18"]
[WhiteElo "1063"]
[BlackElo "1539"]
[WhiteClock "00:30:06"]
[BlackClock "00:08:09"]
[PlyCount "112"]
[WhiteFideId "34607579"]
[BlackFideId "16272846"]
[EventCountry "GER"]
[EventRounds "9"]
[EventType "swiss"]
[EventDate "2023.05.27"]

1. c4 {[%clk 01:30:57]} {[%emt 00:00:02]} c5 {[%clk 01:30:57]} {[%emt
00:00:04]} 2. Nc3 {[%clk 01:31:21]} {[%emt 00:00:06]} g6 {[%clk 01:31:24]}
{[%emt 00:00:03]} 3. g3 {[%clk 01:31:44]} {[%emt 00:00:06]} Bg7 {[%clk
01:31:49]} {[%emt 00:00:05]} 4. Bg2 {[%clk 01:32:09]} {[%emt 00:00:06]} Nc6
{[%clk 01:32:10]} {[%emt 00:00:10]} 5. e4 {[%clk 01:32:31]} {[%emt 00:00:07]}
d6 {[%clk 01:32:09]} {[%emt 00:00:31]} 6. Nge2 {[%clk 01:32:53]} {[%emt
00:00:07]} e5 {[%clk 01:32:26]} {[%emt 00:00:13]} 7. O-O {[%clk 01:33:15]}
{[%emt 00:00:07]} Nge7 {[%clk 01:32:50]} {[%emt 00:00:06]} 8. d3 {[%clk
01:33:26]} {[%emt 00:00:20]} O-O {[%clk 01:33:10]} {[%emt 00:00:09]} 9. Rb1
{[%clk 01:33:29]} {[%emt 00:00:27]} Rb8 {[%clk 01:32:39]} {[%emt 00:01:01]} 10.
a3 {[%clk 01:33:47]} {[%emt 00:00:12]} a5 {[%clk 01:32:59]} {[%emt 00:00:10]}
11. Bd2 {[%clk 01:33:31]} {[%emt 00:00:46]} f5 {[%clk 01:32:47]} {[%emt
00:00:42]} 12. f4 {[%clk 01:32:57]} {[%emt 00:01:04]} exf4 {[%clk 01:31:33]}
{[%emt 00:01:44]} 13. Bxf4 {[%clk 01:30:13]} {[%emt 00:03:14]} Nd4 {[%clk
01:30:41]} {[%emt 00:01:21]} 14. b4 {[%clk 01:29:17]} {[%emt 00:01:27]} Ne6
{[%clk 01:16:21]} {[%emt 00:14:51]} 15. Nb5 {[%clk 01:19:14]} {[%emt 00:10:33]}
Nxf4 {[%clk 01:09:40]} {[%emt 00:07:11]} 16. Nxf4 {[%clk 01:18:45]} {[%emt
00:00:57]} axb4 {[%clk 01:08:44]} {[%emt 00:01:26]} 17. axb4 {[%clk 01:19:00]}
{[%emt 00:00:17]} Nc6 {[%clk 01:08:30]} {[%emt 00:00:44]} 18. exf5 {[%clk
01:14:46]} {[%emt 00:04:43]} Bxf5 {[%clk 01:08:07]} {[%emt 00:00:53]} 19. Nd5
{[%clk 01:06:27]} {[%emt 00:08:48]} Nd4 {[%clk 00:56:52]} {[%emt 00:11:46]} 20.
Nxd4 {[%clk 01:02:14]} {[%emt 00:04:43]} Bxd4+ {[%clk 00:56:39]} {[%emt
00:00:43]} 21. Kh1 {[%clk 01:02:20]} {[%emt 00:00:25]} Qd7 {[%clk 00:37:39]}
{[%emt 00:19:30]} 22. Nf4 {[%clk 00:53:54]} {[%emt 00:08:55]} b5 {[%clk
00:30:34]} {[%emt 00:07:35]} 23. Qb3 {[%clk 00:45:02]} {[%emt 00:09:22]} bxc4
{[%clk 00:23:08]} {[%emt 00:07:56]} 24. Qxc4+ {[%clk 00:43:38]} {[%emt
00:01:54]} Kh8 {[%clk 00:20:02]} {[%emt 00:03:36]} 25. h3 {[%clk 00:36:01]}
{[%emt 00:08:06]} Qb5 {[%clk 00:13:42]} {[%emt 00:06:51]} 26. Qxb5 {[%clk
00:33:12]} {[%emt 00:03:18]} Rxb5 {[%clk 00:10:59]} {[%emt 00:03:13]} 27. Ne6
{[%clk 00:31:56]} {[%emt 00:01:47]} Rfb8 {[%clk 00:10:20]} {[%emt 00:01:09]}
28. Nxd4 {[%clk 00:22:30]} {[%emt 00:09:56]} cxd4 {[%clk 00:10:06]} {[%emt
00:00:44]} 29. Rbd1 {[%clk 00:21:06]} {[%emt 00:01:53]} h5 {[%clk 00:08:20]}
{[%emt 00:02:17]} 30. Be4 {[%clk 00:20:44]} {[%emt 00:00:53]} Kg7 {[%clk
00:05:27]} {[%emt 00:03:23]} 31. Bxf5 {[%clk 00:20:20]} {[%emt 00:00:54]} Rxf5
{[%clk 00:05:18]} {[%emt 00:00:39]} 32. Rxf5 {[%clk 00:20:44]} {[%emt
00:00:06]} gxf5 {[%clk 00:05:39]} {[%emt 00:00:09]} 33. Rb1 {[%clk 00:20:33]}
{[%emt 00:00:41]} Kf6 {[%clk 00:05:47]} {[%emt 00:00:22]} 34. Kg2 {[%clk
00:20:53]} {[%emt 00:00:11]} Kg5 {[%clk 00:05:54]} {[%emt 00:00:23]} 35. Kf3
{[%clk 00:21:12]} {[%emt 00:00:10]} Rb5 {[%clk 00:06:15]} {[%emt 00:00:10]} 36.
h4+ {[%clk 00:21:32]} {[%emt 00:00:10]} Kf6 {[%clk 00:06:36]} {[%emt 00:00:08]}
37. Kf4 {[%clk 00:21:54]} {[%emt 00:00:08]} Kg6 {[%clk 00:06:15]} {[%emt
00:00:51]} 38. Re1 {[%clk 00:20:07]} {[%emt 00:02:16]} Kf6 {[%clk 00:05:50]}
{[%emt 00:00:56]} 39. Rb1 {[%clk 00:20:30]} {[%emt 00:00:06]} Rb6 {[%clk
00:03:38]} {[%emt 00:02:41]} 40. Rb2 {[%clk 00:13:56]} {[%emt 00:07:05]} Rb5
{[%clk 00:03:31]} {[%emt 00:00:38]} 41. Rb1 {[%clk 00:14:20]} {[%emt 00:00:06]}
Ke6 {[%clk 00:10:02]} {[%emt 00:23:58]} 42. Rb2 {[%clk 00:31:54]} {[%emt
00:12:57]} Re5 {[%clk 00:05:01]} {[%emt 00:05:31]} 43. b5 {[%clk 00:29:18]}
{[%emt 00:03:06]} Kd7 {[%clk 00:05:27]} {[%emt 00:00:04]} 44. b6 {[%clk
00:28:57]} {[%emt 00:00:51]} Kc8 {[%clk 00:05:53]} {[%emt 00:00:04]} 45. Rb4
{[%clk 00:28:53]} {[%emt 00:00:33]} Kb7 {[%clk 00:05:45]} {[%emt 00:00:39]} 46.
Rxd4 {[%clk 00:29:10]} {[%emt 00:00:13]} Kc6 {[%clk 00:06:06]} {[%emt
00:00:09]} 47. b7 {[%clk 00:29:25]} {[%emt 00:00:16]} Rb5 {[%clk 00:05:35]}
{[%emt 00:01:00]} 48. b8=Q {[%clk 00:29:36]} {[%emt 00:00:20]} Rxb8 {[%emt
00:00:04]} 49. Kxf5 {[%clk 00:29:54]} {[%emt 00:00:11]} Rg8 {[%clk 00:06:21]}
{[%emt 00:00:10]} 50. Ke6 {[%clk 00:29:18]} {[%emt 00:01:07]} Kc7 {[%clk
00:06:33]} {[%emt 00:00:18]} 51. Rxd6 {[%clk 00:29:29]} {[%emt 00:00:18]} Rg6+
{[%clk 00:07:00]} {[%emt 00:00:03]} 52. Ke5 {[%clk 00:29:13]} {[%emt 00:00:47]}
Rxd6 {[%clk 00:07:24]} {[%emt 00:00:05]} 53. d4 {[%clk 00:29:39]} {[%emt
00:00:04]} Rg6 {[%clk 00:07:28]} {[%emt 00:00:25]} 54. Kf4 {[%clk 00:30:01]}
{[%emt 00:00:09]} Rg4+ {[%clk 00:07:53]} {[%emt 00:00:05]} 55. Kf5 {[%clk
00:30:18]} {[%emt 00:00:14]} Rxg3 {[%clk 00:07:55]} {[%emt 00:00:27]} 56. d5
{[%clk 00:30:06]} {[%emt 00:00:42]} Kd6 {[%clk 00:08:09]} {[%emt 00:00:14]} 0-1

[Event "DEM U12 2023"]
[Site "Willingen GER"]
[Date "2023.05.30"]
[Round "4"]
[White "Müller, Anker"]
[Black "Gavrylyuk, Oleksandr"]
[Result "0-1"]
[Termination "normal"]
[Board "19"]
[WhiteElo "1600"]
[BlackElo "1226"]
[WhiteClock "00:07:11"]
[BlackClock "00:58:59"]
[PlyCount "136"]
[WhiteFideId "1472070"]
[BlackFideId "34609083"]
[EventCountry "GER"]
[EventRounds "9"]
[EventType "swiss"]
[EventDate "2023.05.27"]

1. e4 {[%clk 01:30:56]} {[%emt 00:00:05]} c5 {[%clk 01:30:56]} {[%emt
00:00:03]} 2. Nf3 {[%clk 01:31:19]} {[%emt 00:00:06]} d6 {[%clk 01:31:19]}
{[%emt 00:00:08]} 3. d4 {[%clk 01:31:28]} {[%emt 00:00:21]} cxd4 {[%clk
01:31:43]} {[%emt 00:00:06]} 4. Nxd4 {[%clk 01:31:51]} {[%emt 00:00:07]} Nf6
{[%clk 01:32:05]} {[%emt 00:00:07]} 5. Nc3 {[%clk 01:32:16]} {[%emt 00:00:05]}
a6 {[%clk 01:32:32]} {[%emt 00:00:04]} 6. Be2 {[%clk 01:31:36]} {[%emt
00:01:09]} e5 {[%clk 01:32:33]} {[%emt 00:00:29]} 7. Nb3 {[%clk 01:31:42]}
{[%emt 00:00:23]} Be7 {[%clk 01:32:32]} {[%emt 00:00:31]} 8. Be3 {[%clk
01:31:38]} {[%emt 00:00:34]} Be6 {[%clk 01:32:33]} {[%emt 00:00:29]} 9. Qd2
{[%clk 01:31:36]} {[%emt 00:00:32]} O-O {[%clk 01:32:44]} {[%emt 00:00:20]} 10.
f3 {[%clk 01:31:30]} {[%emt 00:00:35]} Qc7 {[%clk 01:29:31]} {[%emt 00:03:44]}
11. h4 {[%clk 01:29:41]} {[%emt 00:02:19]} b5 {[%clk 01:27:16]} {[%emt
00:02:45]} 12. h5 {[%clk 01:28:43]} {[%emt 00:01:27]} Rd8 {[%clk 01:26:52]}
{[%emt 00:00:53]} 13. Nd5 {[%clk 01:22:37]} {[%emt 00:06:37]} Bxd5 {[%clk
01:24:42]} {[%emt 00:02:40]} 14. exd5 {[%clk 01:21:04]} {[%emt 00:02:03]} e4
{[%clk 01:21:13]} {[%emt 00:03:59]} 15. f4 {[%clk 01:20:51]} {[%emt 00:00:43]}
Rc8 {[%clk 01:17:30]} {[%emt 00:04:13]} 16. c3 {[%clk 01:17:59]} {[%emt
00:03:22]} Qd7 {[%clk 01:17:14]} {[%emt 00:00:47]} 17. O-O-O {[%clk 00:59:03]}
{[%emt 00:19:25]} a5 {[%clk 01:13:48]} {[%emt 00:03:57]} 18. g4 {[%clk
00:49:47]} {[%emt 00:09:45]} b4 {[%clk 01:08:33]} {[%emt 00:05:46]} 19. c4
{[%clk 00:43:49]} {[%emt 00:06:28]} Nxg4 {[%clk 01:06:22]} {[%emt 00:02:41]}
20. Bxg4 {[%clk 00:44:01]} {[%emt 00:00:17]} Rxc4+ {[%clk 01:05:34]} {[%emt
00:01:19]} 21. Kb1 {[%clk 00:43:22]} {[%emt 00:01:10]} Qxg4 {[%clk 01:04:34]}
{[%emt 00:01:29]} 22. Rdg1 {[%clk 00:41:11]} {[%emt 00:02:40]} Qf5 {[%clk
01:02:57]} {[%emt 00:02:04]} 23. Qe2 {[%clk 00:19:38]} {[%emt 00:22:07]} Rc8
{[%clk 00:51:17]} {[%emt 00:11:53]} 24. Qg2 {[%clk 00:18:04]} {[%emt 00:02:21]}
Bf6 {[%clk 00:50:34]} {[%emt 00:01:14]} 25. Qg4 {[%clk 00:13:11]} {[%emt
00:05:23]} Qxg4 {[%clk 00:50:07]} {[%emt 00:00:57]} 26. Rxg4 {[%clk 00:13:40]}
Nd7 {[%clk 00:49:11]} {[%emt 00:01:28]} 27. f5 {[%clk 00:13:41]} {[%emt
00:00:29]} Re8 {[%clk 00:49:09]} {[%emt 00:00:32]} 28. Nd2 {[%clk 00:13:00]}
{[%emt 00:01:11]} Re7 {[%clk 00:48:46]} {[%emt 00:00:53]} 29. Nxe4 {[%clk
00:10:30]} {[%emt 00:02:59]} Re5 {[%clk 00:42:32]} {[%emt 00:06:41]} 30. Rhg1
{[%clk 00:09:20]} {[%emt 00:01:44]} Kf8 {[%clk 00:40:56]} {[%emt 00:02:06]} 31.
Nxf6 {[%clk 00:09:04]} {[%emt 00:00:45]} Nxf6 {[%clk 00:41:17]} {[%emt
00:00:08]} 32. R4g3 {[%clk 00:07:12]} {[%emt 00:02:23]} Nxh5 {[%clk 00:39:16]}
{[%emt 00:02:31]} 33. Rg5 {[%clk 00:06:18]} {[%emt 00:01:23]} Rxe3 {[%clk
00:37:38]} {[%emt 00:02:09]} 34. Rxh5 {[%clk 00:06:42]} {[%emt 00:00:06]} h6
{[%clk 00:37:56]} {[%emt 00:00:13]} 35. f6 {[%clk 00:07:03]} {[%emt 00:00:09]}
gxf6 {[%clk 00:37:54]} {[%emt 00:00:31]} 36. Rxh6 {[%clk 00:07:26]} {[%emt
00:00:07]} Ke7 {[%clk 00:38:10]} {[%emt 00:00:13]} 37. Rf1 {[%clk 00:07:49]}
{[%emt 00:00:09]} Rc8 {[%clk 00:38:02]} {[%emt 00:00:38]} 38. Rhxf6 {[%clk
00:08:10]} {[%emt 00:00:09]} Re1+ {[%clk 00:38:23]} {[%emt 00:00:09]} 39. Rxe1+
{[%clk 00:08:24]} {[%emt 00:00:16]} Kxf6 {[%clk 00:38:48]} {[%emt 00:00:05]}
40. Rf1+ {[%clk 00:08:40]} {[%emt 00:00:12]} Kg7 {[%clk 00:38:28]} {[%emt
00:00:53]} 41. Rg1+ {[%clk 00:08:32]} {[%emt 00:00:37]} Kf8 {[%clk 00:38:45]}
{[%emt 00:00:12]} 42. Rh1 {[%clk 00:08:16]} {[%emt 00:00:47]} Ke7 {[%clk
00:38:50]} {[%emt 00:00:25]} 43. Re1+ {[%clk 00:08:43]} {[%emt 00:00:04]} Kf6
{[%clk 00:39:11]} {[%emt 00:00:08]} 44. Rf1+ {[%clk 00:09:10]} {[%emt
00:00:04]} Kg6 {[%clk 00:39:27]} {[%emt 00:00:11]} 45. Rg1+ {[%clk 00:09:20]}
{[%emt 00:00:23]} Kf6 {[%clk 00:38:59]} {[%emt 00:00:50]} 46. Rf1+ {[%clk
00:06:15]} {[%emt 00:03:42]} Ke7 {[%clk 00:38:58]} {[%emt 00:00:31]} 47. Re1+
{[%clk 00:06:00]} {[%emt 00:00:47]} Kf8 {[%clk 00:39:21]} {[%emt 00:00:06]} 48.
Rh1 {[%clk 00:06:12]} {[%emt 00:00:17]} Rc5 {[%clk 00:38:54]} {[%emt 00:00:57]}
49. Rd1 {[%clk 00:06:14]} {[%emt 00:00:29]} f6 {[%clk 00:38:46]} {[%emt
00:00:38]} 50. a3 {[%clk 00:05:17]} {[%emt 00:01:27]} b3 {[%clk 00:37:34]}
{[%emt 00:01:42]} 51. Rd3 {[%clk 00:05:35]} {[%emt 00:00:12]} a4 {[%clk
00:37:54]} {[%emt 00:00:10]} 52. Rd4 {[%clk 00:05:59]} {[%emt 00:00:06]} Ra5
{[%clk 00:37:50]} {[%emt 00:00:34]} 53. Kc1 {[%clk 00:06:22]} {[%emt 00:00:07]}
Kf7 {[%clk 00:36:28]} {[%emt 00:01:52]} 54. Kd2 {[%clk 00:06:16]} {[%emt
00:00:37]} f5 {[%clk 00:36:07]} {[%emt 00:00:51]} 55. Kc3 {[%clk 00:05:44]}
{[%emt 00:01:01]} Kf6 {[%clk 00:34:00]} {[%emt 00:02:36]} 56. Kb4 {[%clk
00:04:02]} {[%emt 00:02:13]} Ra8 {[%clk 00:33:44]} {[%emt 00:00:44]} 57. Kb5
{[%clk 00:28:32]} {[%emt 00:06:02]} Ke5 {[%clk 01:03:54]} {[%emt 00:00:20]} 58.
Rd1 {[%clk 00:28:21]} {[%emt 00:00:40]} f4 {[%clk 01:02:39]} {[%emt 00:01:46]}
59. Kc4 {[%clk 00:27:16]} {[%emt 00:01:35]} f3 {[%clk 01:02:28]} {[%emt
00:00:40]} 60. Kd3 {[%clk 00:23:53]} {[%emt 00:03:53]} Kf4 {[%clk 01:01:45]}
{[%emt 00:01:14]} 61. Rh1 {[%clk 00:19:49]} {[%emt 00:04:33]} Kg3 {[%clk
01:01:48]} {[%emt 00:00:28]} 62. Rg1 {[%clk 00:17:22]} {[%emt 00:02:57]} Kf2
{[%clk 01:00:29]} {[%emt 00:01:49]} 63. Rg6 {[%clk 00:17:36]} {[%emt 00:00:16]}
Rd8 {[%clk 01:00:05]} {[%emt 00:00:54]} 64. Rf6 {[%clk 00:17:49]} {[%emt
00:00:17]} Kg2 {[%clk 00:59:57]} {[%emt 00:00:37]} 65. Rg6+ {[%clk 00:17:33]}
{[%emt 00:00:47]} Kf1 {[%clk 01:00:10]} {[%emt 00:00:17]} 66. Rf6 {[%clk
00:17:33]} {[%emt 00:00:31]} f2 {[%clk 01:00:29]} {[%emt 00:00:11]} 67. Kd2
{[%clk 00:09:47]} {[%emt 00:08:15]} Rg8 {[%clk 00:59:35]} {[%emt 00:01:24]} 68.
Ke3 {[%clk 00:07:11]} {[%emt 00:03:05]} Ke1 {[%clk 00:58:59]} {[%emt 00:01:07]}
0-1